00857nam a2200253 i 4500001000300000003000400003005001700007008003900024015001700063040001400080080001000094080001200104100004000116245010200156246002900258250001200287260005500299300002800354500001800382650003400400655003000434710004100464856009800505bgBPK20190722100454.0070716s1972 pl a f |000 0 pol aPB 1970/5439 aWA NcBPK a517.2 a(075.8)1 aLeitner, Romand(1914-2008).eAutor10aZarys matematyki wyższej dla inżynierów.nCz.1,pRachunek różniczkowy /cRoman Leitner.30aRachunek różniczkowy aWyd. 6. aWarszawa :bWydawnictwa Naukowo-Techniczne,c1972. a260 s. :bil. ;c23 cm. aDruk z klisz. 4aMatematykaxszkoły wyższe. 4aPodręczniki akademickie2 aWydawnictwa Naukowo-Techniczne4pbl. uhttp://koha.tu.koszalin.pl/cgi-bin/koha/opac-detail.pl?biblionumber=32029yKatalog online BPK